| 000 | 00991 a2200193 4500 | ||
|---|---|---|---|
| 020 | _a0324314574 (paperback) | ||
| 020 | _a9780324314571 (paperback) | ||
| 082 | 0 | 4 | _a658.4 |
| 090 |
_c5233 _d5233 |
||
| 100 | 1 | _aBuller, Paul F. | |
| 245 | 1 | 0 |
_aManaging organizations and people, modular version / _cPaul F. Buller, Randall S. Schuler. |
| 250 | _a7th ed. | ||
| 260 |
_a[S.l.] : _bSouth-Western College Pub, _c2005. |
||
| 300 |
_a480 p. ; _c28 cm. |
||
| 520 | _aGet the management textbook that's hand-selected for relevance and student interest. MANAGING ORGANIZATIONS AND PEOPLE, MODULAR VERSION is updated and easier-to-read than ever with loads of study tools and helpful test-taking tips. Plus, with MANAGING ORGANIZATIONS AND PEOPLE, MODULAR VERSION you'll get the most current and complete management theory on the market. | ||
| 700 | 1 | _aSchuler, Randall S. | |
| 856 | 4 | 0 |
_3Amazon.com _uhttp://www.amazon.com/exec/obidos/ASIN/0324314574/chopaconline-20 |
| 942 |
_aNBS _cBK _k658.4 BUL |
||
| 999 |
_c347651 _d347651 |
||